De frontera natural a límite político : la demarcación de la Puna de Atacama (1881-1905) /

Detalles Bibliográficos
Autor principal: Ríos Llaneza, Macarena (Autor)
Formato: Electrónico eBook
Lenguaje:español
Publicado: Santiago, Chile : Ediciones UC, [2019]
Colección:Colección Historia UC.
Materias:
Acceso en línea:Digitalia Hispánica

MARC

LEADER 00000nam a2200000Ii 4500
001 DIGUCCH0192
003 NyNyDIG
006 m o d
007 cr |||||||||||
008 250714s2019 cl ab ob 000 0 spa d
035 |a (OCoLC)1182512501 
040 |a DGITA  |b eng  |e rda  |e pn  |c DGITA 
020 |a 9789561423879  |q edición digital 
020 |z 9789561423800  |q edición impresa 
043 |a s-cl---  |a s-ag--- 
050 1 4 |a F2851 ebook 
100 1 |a Ríos Llaneza, Macarena,  |e author. 
245 1 0 |a De frontera natural a límite político :  |b la demarcación de la Puna de Atacama (1881-1905) /  |c Macarena Ríos Llaneza. 
264 1 |a Santiago, Chile :  |b Ediciones UC,  |c [2019] 
300 |a 1 online resource :  |b illustrations, maps. 
336 |a text  |b txt  |2 rdacontent 
337 |a computer  |b c  |2 rdamedia 
338 |a online resource  |b cr  |2 rdacarrier 
347 |a text file  |2 rdaft 
347 |b EPUB 
490 1 |a Colección Historia UC 
504 |a Includes bibliographical references. 
588 0 |a Online resource; title from ePub title page (Digitalia, viewed July 14, 2025) 
651 0 |a Chile  |x Boundaries  |z Argentina. 
651 0 |a Argentina  |x Boundaries  |z Chile. 
776 0 8 |i Print version:  |a Ríos Llaneza, Macarena.  |t De frontera natural a límite político.  |d Santiago, Chile : Ediciones UC, [2019]  |z 9789561423800 
791 2 |a Digitalia (Firm),  |e distributor. 
793 0 |g Digitalia eBook Collection:  |a Universidad Católica de Chile 
830 0 |a Colección Historia UC. 
856 4 0 |3 Digitalia Hispánica  |u https://www.digitaliapublishing.com/a/175490/ 
910 |a Premium collection: 2025